000
00306nam a2200121Ia 4500
008
220217s9999 xx 000 0 und d
245
0
_a
Glossary for conveyor terms and definitions.
260
_c
1967
500
_a
Standard number: IS 4240
650
_a
Conveyor terms
650
_a
Glossary
942
_c
ST
999
_c
73772
_d
73772